01664naa a2200265 a 450000100080000000500110000800800410001910000250006024501170008526000090020252008430021165000170105465000280107165000180109965300220111765300220113965300200116165300140118170000180119570000200121370000250123370000250125870000240128377300910130721197212020-02-03 2019 bl uuuu u00u1 u #d1 aCOSTA-JÚNIOR, L. M. aA review on the occurrence of Cochliomyia hominivorax (DipterabCalliphoridae) in Brazil.h[electronic resource] c2019 aCochliomyia hominivorax (Coquerel, 1858), the New World screwworm, causes primary myiasis in wild and domestic animals in tropical and subtropical regions of Brazil. Although this species is considered to occur throughout the country, organized information about its recorded distribution has not been available until now. This article aimed to provide a comprehensive review of the historical and current data published on both immature (myiasis) and adult stages of C. hominivorax in Brazil. A total of 174 articles were found; of these, 141 articles reported myiasis cases in cattle (146 records), humans (68 records), and other mammalian hosts (40 records), and captures of adult flies were reported in 33 articles. C. hominivorax is widespread in Brazil, having been recorded in 208 municipalities in all major biomes of the country. aEpidemiology aCochliomyia Hominivorax aEpidemiologia aMiíase primária aMosca-da-bicheira aPrimary miyasis aScrewworm1 aCHAVES, D. P.1 aBRITO, D. R. B.1 aSANTOS, V. A. F. dos1 aCOSTA-JÚNIOR, H. N.1 aBARROS, A. T. M. de tBrazilian Journal of Veterinary Parasitologygv. 28, n. 4, p. 548-562, oct.-dec. 2019.